La cocina familiar en el estado de Baja California /

Proyecto editorial en 32 volúmenes que presenta las recetas más representativas de la gastronomía de cada uno de los estados de la República Mexicana. La primera edición, publicada originalmente entre 1985 a 1988, fue publicada bajo el título “La comida familiar mexicana”, por el Banco de Crédito Ru...

Повний опис

Збережено в:
Бібліографічні деталі
Інші автори: Güemez de la Vega, Blanca (recetas) (recetas), Suárez Argüello, Roberto (texto) (texto)
Формат: Книга
Мова:Іспанська
Опубліковано: México : Océano : CONACULTA, 2001, c2001
Редагування:2a edición
Предмети:
Теги: Додати тег
Немає тегів, Будьте першим, хто поставить тег для цього запису!

MARC

LEADER 00000nam^a2200000^a^4500
001 000567687
005 20250526000000.0
009 20260310132132.284
020 |a 970-651-445-7 
020 |a 970-651-450-3 
020 |a 970-18-5547-7 
020 |a 970-18-5544-2 
037 |a Acervo ITESO - Biblioteca 
041 |a ESP 
082 |a 641. 50972  |b COC V. 2 
240 1 4 |a [La cocina familiar] 
245 0 3 |a La cocina familiar en el estado de Baja California /  |c Recetas de B. Güemez de la Vega et al. ; texto de R. Suárez Argüello. 
250 |a 2a edición 
264 4 |a México :  |b Océano :  |b CONACULTA,  |c 2001, c2001 
300 |a 59 p., IV láminas ;  |c 26.0 cm. 
336 |a texto  |b txt  |2 rdacontenido 
337 |a sin mediación  |b n  |2 rdamedio 
338 |a volumen  |b nc  |2 rdasoporte 
520 |a Proyecto editorial en 32 volúmenes que presenta las recetas más representativas de la gastronomía de cada uno de los estados de la República Mexicana. La primera edición, publicada originalmente entre 1985 a 1988, fue publicada bajo el título “La comida familiar mexicana”, por el Banco de Crédito Rural. En esta segunda edición, además de las recetas, se recuperan los textos históricos y culinarios, las festividades que se celebran en la región y los platillos que se sirven durante tales fechas, aunque se omitieron algunos anexos como los calendarios de cultivo del campo mexicano. 
649 |a XX 
650 |a Recetarios -  |z Baja California (Norte) 
650 |a Recetarios -  |z México 
650 |a Fiestas -  |z Baja California (Norte) 
650 |a Fiestas -  |z México 
650 |a Cocina Bajacaliforniana -  |x Recetarios -  |x Tema Principal 
650 |a Cocina Bajacaliforniana -  |x Tema Principal 
650 |a Cocina Mexicana -  |x Recetarios -  |x Tema Principal 
650 |a Cocina Mexicana 
650 |a Gastronomía -  |z Baja California (Norte) 
650 |a Gastronomía -  |z México 
700 |a Güemez de la Vega, Blanca  |e (recetas) 
700 |a Suárez Argüello, Roberto  |e (texto) 
910 |a Fondo Jesús Gómez Fregoso S.J. ITE 
920 |a Impresos - Libros 
930 |a Libros Antiguos y Raros 
905 |a 138 
901 |a 0500400817  |b IT2  |c LRA  |i D69694  |u 20250526 
901 |a 0500400818  |b IT2  |c LRA  |i D69460  |u 20250526 
902 |a https://opac.biblio.iteso.mx/vufind/Record/000567687